Statystyki dla Popularni w ostatnim czasie raperzy z ameryki

Kliknij tutaj aby rozwiązać quiz!

Ogólne statystyki

  • Ten quiz został rozwiązany 460 razy
  • Średni wynik to 5 z 25

Statystyki odpowiedzi

Nr.Raper% Poprawnych
3Lil Pump
67%
696ix9ine
62%
16Tay-K
55%
11Travis Scott
48%
12XXXTENTACION
47%
2Eminem
39%
10Migos
29%
9Lil Nas X
22%
20Post Malone
22%
19Lil Xan
17%
5Future
16%
15Lil Yachty
16%
21Kodak Black
15%
22Blueface
14%
8Rich The Kid
10%
24Smokepurpp
10%
18Sheck Wes
7%
23Bhad Bhabie
4%
25Lil Dicky
4%
4YBN Nahmir
4%
17YoungBoy Never Broke Again
4%
13Comethazine
3%
14Famous Dex
3%
7Jaden Smith
2%
1Icy Narco
1%

Rozkład punktacji

Percentyl według liczby udzielonych odpowiedzi

Procent ludzi z każdym wynikiem

Twoja historia wyników

Nie rozwiązałeś tego quizu